[Event "IMSA Blitz Women 2019"]
[Site "Hengshui"]
[Date "2019.05.18"]
[Round "11.1"]
[White "Kosteniuk, Alexandra"]
[Black "Abdumalik, Zhansaya"]
[Result "1-0"]
[WhiteElo "2546"]
[BlackElo "2464"]
[Annotator "RC"]
[PlyCount "77"]
[EventDate "2019.05.17"]
[EventType "blitz"]
[EventCountry "CHN"]
[SourceTitle "playchess.com"]
[Source "ChessBase"]
[SourceQuality "1"]
[TimeControl "180+2"]

1. c4 {[%emt 0:00:00]} Nf6 {[%emt 0:00:01]} 2. Nc3 {[%emt 0:00:01]} d6 {[%emt 0:00:01]} 3. d4 {[%emt 0:00:03]} g6 {[%emt 0:00:02]} 4. e4 {[%emt 0:00:01]} e5 {[%emt 0:00:03]} 5. Nf3 {[%emt 0:00:01]} Nbd7 {[%emt 0:00:00]} 6. Be2 {[%emt 0:00:03]} Bg7 {[%emt 0:00:01]} 7. O-O {[%emt 0:00:02]} O-O {[%emt 0:00:01]} 8. Qc2 {[%emt 0:00:04]} c6 {[%emt 0:00:04]} 9. d5 {[%emt 0:00:04]} c5 {[%emt 0:00:04]} 10. Bg5 {[%emt 0:00:09]} h6 {[%emt 0:00:02]} 11. Bh4 {[%emt 0:00:01]} g5 {[%emt 0:00:12]} 12. Bg3 {[%emt 0:00:00]} Nh5 {[%emt 0:00:02]} 13. Nd2 {[%emt 0:00:09]} Nf4 {[%emt 0:00:02]} 14. Bg4 {[%emt 0:00:03]} Nf6 {[%emt 0:00:07]} 15. Bxc8 {[%emt 0:00:02]} Qxc8 {[%emt 0:00:01]} 16. a3 {[%emt 0:00:11]} N6h5 {[%emt 0:00:07]} 17. b4 {[%emt 0:00:05]} Ng6 {[%emt 0:00:08]} 18. Nb5 {[%emt 0:00:12]} Qd7 {[%emt 0:00:12]} 19. bxc5 {[%emt 0:00:01]} dxc5 {[%emt 0:00:01]} 20. Nb3 {[%emt 0:00:01]} b6 {[%emt 0:00:02]} 21. Nc3 {[%emt 0:00:01]} Nhf4 {[%emt 0:00:04]} 22. a4 {[%emt 0:00:06]} h5 {[%emt 0:00:05]} 23. f3 {[%emt 0:00:11]} g4 {[%emt 0:00:11]} 24. Nd1 {[%emt 0:00:24]} gxf3 {[%emt 0:00:06]} 25. Rxf3 {[%emt 0:00:01]} Qg4 {[%emt 0:00:09]} 26. Ne3 {[%emt 0:00:04]} Qg5 {[%emt 0:00:00]} 27. Nf5 {[%emt 0:00:08]} Bf6 {[%emt 0:00:23]} 28. Raf1 {[%emt 0:00:08]} Kh7 {[%emt 0:00:06]} 29. Qf2 {[%emt 0:00:15]} Rg8 {[%emt 0:00:06]} 30. Kh1 {[%emt 0:00:07]} h4 {[%emt 0:00:09]} 31. Bxf4 {[%emt 0:00:03]} Nxf4 {[%emt 0:00:02]} 32. Rg1 {[%emt 0:00:07]} Rg6 {[%emt 0:00:05]} 33. g4 {[%emt 0:00:11]} Rag8 {[%emt 0:00:38]} 34. h3 {[%emt 0:00:01]} Bd8 {[%emt 0:00:10]} 35. Nd2 {[%emt 0:00:05]} a6 {[%emt 0:00:11]} 36. Kh2 {[%emt 0:00:09]} Re8 {[%emt 0:00:13]} 37. Rb3 {[%emt 0:00:01]} Qf6 {[%emt 0:00:08]} 38. Nf3 {[%emt 0:00:04]} Rh8 {[%emt 0:00:05]} 39. g5 {[%emt 0:00:04]} 1-0

[Event "IMSA Blitz Women 2019"]
[Site "Hengshui"]
[Date "2019.05.18"]
[Round "11.1"]
[White "Tan, Zhongyi"]
[Black "Bodnaruk, Anastasia"]
[Result "1-0"]
[WhiteElo "2513"]
[BlackElo "2431"]
[Annotator "RC"]
[PlyCount "95"]
[EventDate "2019.05.17"]
[EventType "blitz"]
[EventCountry "CHN"]
[SourceTitle "playchess.com"]
[Source "ChessBase"]
[SourceQuality "1"]
[TimeControl "180+2"]

1. c4 {[%emt 0:00:00]} e5 {[%emt 0:00:00]} 2. Nc3 {[%emt 0:00:00]} d6 {[%emt 0:00:00]} 3. Nf3 {[%emt 0:00:01]} f5 {[%emt 0:00:03]} 4. d4 {[%emt 0:00:01]} e4 {[%emt 0:00:01]} 5. Ng5 {[%emt 0:00:01]} Be7 {[%emt 0:00:03]} 6. Nh3 {[%emt 0:00:01]} Nf6 {[%emt 0:00:01]} 7. g3 {[%emt 0:00:01]} O-O {[%emt 0:00:02]} 8. Bg2 {[%emt 0:00:01]} c5 {[%emt 0:00:02]} 9. d5 {[%emt 0:00:05]} Nbd7 {[%emt 0:00:02]} 10. O-O {[%emt 0:00:03]} Ne5 {[%emt 0:00:01]} 11. b3 {[%emt 0:00:01]} Bd7 {[%emt 0:00:12]} 12. f3 {[%emt 0:00:02]} exf3 {[%emt 0:00:07]} 13. exf3 {[%emt 0:00:01]} a6 {[%emt 0:00:13]} 14. f4 {[%emt 0:00:02]} Nf7 {[%emt 0:00:16]} 15. Qd3 {[%emt 0:00:04]} b5 {[%emt 0:00:18]} 16. Nf2 {[%emt 0:00:04]} bxc4 {[%emt 0:00:05]} 17. bxc4 {[%emt 0:00:01]} Rb8 {[%emt 0:00:02]} 18. Re1 {[%emt 0:00:02]} Re8 {[%emt 0:00:03]} 19. Bd2 {[%emt 0:00:06]} g6 {[%emt 0:00:07]} 20. Rab1 {[%emt 0:00:03]} Bf8 {[%emt 0:00:02]} 21. Rxe8 {[%emt 0:00:04]} Qxe8 {[%emt 0:00:04]} 22. Bf3 {[%emt 0:00:06]} Bg7 {[%emt 0:00:04]} 23. Qc2 {[%emt 0:00:13]} Qd8 {[%emt 0:00:07]} 24. Ne2 {[%emt 0:00:09]} Ng4 {[%emt 0:00:16]} 25. Kg2 {[%emt 0:00:34]} Nxf2 {[%emt 0:00:09]} 26. Kxf2 {[%emt 0:00:01]} h6 {[%emt 0:00:18]} 27. Ba5 {[%emt 0:00:06]} Qc8 {[%emt 0:00:05]} 28. Rb3 {[%emt 0:00:06]} Bf6 {[%emt 0:00:18]} 29. Qb1 {[%emt 0:00:02]} Rxb3 {[%emt 0:00:01]} 30. Qxb3 {[%emt 0:00:01]} Bd8 31. Bc3 {[%emt 0:00:11]} Kh7 {[%emt 0:00:19]} 32. Ba1 {[%emt 0:00:05]} Be7 {[%emt 0:00:11]} 33. Qb2 {[%emt 0:00:02]} Qh8 {[%emt 0:00:08]} 34. Qb1 {[%emt 0:00:05]} Qd8 {[%emt 0:00:06]} 35. h4 {[%emt 0:00:04]} h5 {[%emt 0:00:04]} 36. Ng1 {[%emt 0:00:03]} a5 {[%emt 0:00:05]} 37. Qb7 {[%emt 0:00:20]} a4 {[%emt 0:00:03]} 38. a3 {[%emt 0:00:06]} Qc8 {[%emt 0:00:02]} 39. Qb6 {[%emt 0:00:09]} Qd8 {[%emt 0:00:02]} 40. Qb7 {[%emt 0:00:04]} Qc8 {[%emt 0:00:01]} 41. Qb1 {[%emt 0:00:02]} Qd8 {[%emt 0:00:03]} 42. Bd1 {[%emt 0:00:10]} Bf6 {[%emt 0:00:03]} 43. Nf3 {[%emt 0:00:02]} Qh8 {[%emt 0:00:05]} 44. Qb7 {[%emt 0:00:10]} Be8 {[%emt 0:00:04]} 45. Ng5+ {[%emt 0:00:05]} Kg8 {[%emt 0:00:04]} 46. Qb8 {[%emt 0:00:08]} Kf8 {[%emt 0:00:05]} 47. Bxf6 {[%emt 0:00:09]} Qxf6 {[%emt 0:00:01]} 48. Nh7+ {[%emt 0:00:01]} 1-0

[Event "IMSA Blitz Women 2019"]
[Site "Hengshui"]
[Date "2019.05.18"]
[Round "11.1"]
[White "Dzagnidze, Nana"]
[Black "Harika, Dronavalli"]
[Result "1/2-1/2"]
[WhiteElo "2510"]
[BlackElo "2492"]
[Annotator "RC"]
[PlyCount "132"]
[EventDate "2019.05.17"]
[EventType "blitz"]
[EventCountry "CHN"]
[SourceTitle "playchess.com"]
[Source "ChessBase"]
[SourceQuality "1"]
[TimeControl "180+2"]

1. d4 {[%emt 0:00:00]} d5 {[%emt 0:00:00]} 2. c4 {[%emt 0:00:01]} e6 {[%emt 0:00:00]} 3. Nc3 {[%emt 0:00:02]} c6 {[%emt 0:00:00]} 4. e3 {[%emt 0:00:08]} Nf6 {[%emt 0:00:07]} 5. Nf3 {[%emt 0:00:03]} Nbd7 {[%emt 0:00:03]} 6. Bd3 {[%emt 0:00:02]} dxc4 {[%emt 0:00:01]} 7. Bxc4 {[%emt 0:00:02]} b5 {[%emt 0:00:01]} 8. Bd3 {[%emt 0:00:01]} Bd6 {[%emt 0:00:01]} 9. a4 {[%emt 0:00:17]} b4 {[%emt 0:00:13]} 10. Ne4 {[%emt 0:00:15]} Nxe4 {[%emt 0:00:01]} 11. Bxe4 {[%emt 0:00:01]} Bb7 {[%emt 0:00:00]} 12. O-O {[%emt 0:00:05]} Nf6 {[%emt 0:00:02]} 13. Bd3 {[%emt 0:00:08]} c5 {[%emt 0:00:09]} 14. Bb5+ {[%emt 0:00:03]} Ke7 {[%emt 0:00:03]} 15. b3 {[%emt 0:00:07]} a6 {[%emt 0:00:11]} 16. Bc4 {[%emt 0:00:08]} Qc7 {[%emt 0:00:07]} 17. dxc5 {[%emt 0:00:16]} Bxc5 {[%emt 0:00:02]} 18. h3 {[%emt 0:00:12]} Rhd8 {[%emt 0:00:10]} 19. Qe2 {[%emt 0:00:02]} Ne4 {[%emt 0:00:05]} 20. Bb2 {[%emt 0:00:02]} Nc3 {[%emt 0:00:10]} 21. Bxc3 {[%emt 0:00:04]} bxc3 {[%emt 0:00:01]} 22. Rac1 {[%emt 0:00:05]} Qa5 {[%emt 0:00:15]} 23. Ne5 {[%emt 0:00:13]} Bd6 {[%emt 0:00:17]} 24. Nd3 {[%emt 0:00:17]} Rac8 {[%emt 0:00:31]} 25. e4 {[%emt 0:00:14]} g6 {[%emt 0:00:25]} 26. Rc2 {[%emt 0:00:04]} Be5 {[%emt 0:00:12]} 27. f4 {[%emt 0:00:10]} Bd4+ {[%emt 0:00:01]} 28. Kh1 {[%emt 0:00:03]} Qh5 {[%emt 0:00:01]} 29. Rf3 {[%emt 0:00:13]} Kf8 {[%emt 0:00:09]} 30. Nf2 {[%emt 0:00:29]} Qc5 {[%emt 0:00:12]} 31. Bxa6 {[%emt 0:00:06]} Bxa6 {[%emt 0:00:02]} 32. Qxa6 Bxf2 {[%emt 0:00:01]} 33. Rfxf2 {[%emt 0:00:01]} Rd1+ {[%emt 0:00:27]} 34. Kh2 {[%emt 0:00:01]} Kg7 {[%emt 0:00:01]} 35. e5 {[%emt 0:00:04]} Rcd8 {[%emt 0:00:02]} 36. Qc4 {[%emt 0:00:02]} Qxc4 {[%emt 0:00:01]} 37. bxc4 R8d3 {[%emt 0:00:01]} 38. c5 {[%emt 0:00:03]} Ra1 {[%emt 0:00:01]} 39. Rf3 {[%emt 0:00:01]} Rxf3 {[%emt 0:00:04]} 40. gxf3 {[%emt 0:00:01]} Rxa4 {[%emt 0:00:01]} 41. Rxc3 {[%emt 0:00:01]} Kf8 {[%emt 0:00:03]} 42. c6 {[%emt 0:00:01]} Ra8 {[%emt 0:00:01]} 43. Kg3 {[%emt 0:00:01]} Ke7 {[%emt 0:00:01]} 44. Kg4 {[%emt 0:00:07]} h6 {[%emt 0:00:01]} 45. Rd3 {[%emt 0:00:07]} Rc8 {[%emt 0:00:02]} 46. Rd6 {[%emt 0:00:02]} Rc7 {[%emt 0:00:03]} 47. Kg3 {[%emt 0:00:02]} Ra7 {[%emt 0:00:04]} 48. Kf2 {[%emt 0:00:01]} Ra3 {[%emt 0:00:05]} 49. Rd7+ {[%emt 0:00:05]} Ke8 {[%emt 0:00:01]} 50. Ke2 {[%emt 0:00:03]} Rc3 {[%emt 0:00:01]} 51. Rd6 {[%emt 0:00:01]} Ke7 {[%emt 0:00:02]} 52. Kd2 {[%emt 0:00:01]} Rc5 {[%emt 0:00:00]} 53. Kd3 {[%emt 0:00:00]} Rc1 {[%emt 0:00:01]} 54. Kd4 {[%emt 0:00:04]} Ke8 {[%emt 0:00:01]} 55. Kd3 {[%emt 0:00:03]} Ke7 {[%emt 0:00:01]} 56. Kd2 {[%emt 0:00:02]} Rc4 {[%emt 0:00:01]} 57. Kd3 {[%emt 0:00:02]} Rc1 {[%emt 0:00:01]} 58. Ke3 {[%emt 0:00:01]} Ke8 {[%emt 0:00:01]} 59. h4 {[%emt 0:00:01]} h5 {[%emt 0:00:01]} 60. Ke2 {[%emt 0:00:02]} Rc4 {[%emt 0:00:01]} 61. Kd3 {[%emt 0:00:01]} Rc1 {[%emt 0:00:01]} 62. Kd2 {[%emt 0:00:02]} Rc4 {[%emt 0:00:01]} 63. Ke3 {[%emt 0:00:02]} Rc3+ {[%emt 0:00:01]} 64. Kd4 {[%emt 0:00:01]} Rc1 {[%emt 0:00:01]} 65. Ke3 {[%emt 0:00:05]} Rc3+ {[%emt 0:00:01]} 66. Kd2 {[%emt 0:00:03]} Rc4 {[%emt 0:00:00]} 1/2-1/2

[Event "IMSA Blitz Women 2019"]
[Site "Hengshui"]
[Date "2019.05.18"]
[Round "11.1"]
[White "Zhao, Xue"]
[Black "Lei, Tingjie"]
[Result "0-1"]
[WhiteElo "2485"]
[BlackElo "2507"]
[Annotator "TA"]
[PlyCount "64"]
[EventDate "2019.05.17"]
[EventType "blitz"]
[EventCountry "CHN"]
[SourceTitle "playchess.com"]
[Source "ChessBase"]
[SourceQuality "1"]

{[%evp 11,73,27,41,40,45,29,38,37,41,35,50,33,107,47,44,38,44,44,57,14,8,0,58,39,75,50,57,60,62,38,27,31,28,17,86,91,91,55,108,98,114,104,148,140,161,130,103,-47,-62,-117,-27,-26,-21,-266,37,48,40,39,39,39,107,89,81,-29999]} 1. Nf3 d5 2. d4 Nf6 3. Bf4 c5 4. e3 e6 5. c3 Qb6 6. Qb3 c4 7. Qc2 {D02: 1 d4 d5 2 Nf3 sidelines, including 2...Nf6 3 g3 and 2...Nf6 3 Bf4} Nc6 (7... Bd6 8. Bg3 Ne4 9. Nbd2 f5 10. b3 cxb3 11. axb3 O-O 12. Bd3 Bd7 13. Bxd6 Qxd6 14. Ne5 Nc6 {½-½ (50) Hillarp Persson,T (2511)-Grunberg,M (2389) Stockholm 2017}) 8. Nbd2 Bd7 9. h3 {White is slightly better.} Be7 10. Be2 O-O 11. O-O a5 (11... Qd8 $14) 12. b3 $146 (12. a4 $16) ({Predecessor:} 12. Ne5 h6 13. Bf3 a4 14. a3 Rfd8 15. Ng4 {0-1 (81) Onslow,T (1713)-Forster,M (1971) Caleta 2017}) 12... cxb3 $14 13. axb3 Rfc8 14. Rfc1 Qd8 15. e4 Nxe4 16. Nxe4 dxe4 (16... Nb4 $11 17. Qb1 dxe4 18. Qxe4 Bc6) 17. Qxe4 g6 18. Bd3 Bf6 19. Qe2 Bg7 20. Nd2 Ne7 21. Ne4 $36 {[%mdl 2048] Black is under pressure.} Nd5 22. Bg5 f6 (22... Qf8 $11 {keeps the balance.}) 23. Bd2 $16 b6 24. h4 Be8 ({Black should play} 24... Qf8 $14) 25. h5 Bf7 26. Qf3 g5 27. h6 Bxh6 28. c4 Nf4 29. Bf1 ({Only move:} 29. Bxf4 $1 $16 {Threatens to win with Bh2.} gxf4 30. c5) 29... f5 $1 $15 {[%cal Rf5e4]} 30. Ng3 (30. Bxf4 $1 $15 gxf4 31. Nc3) 30... g4 (30... Qxd4 $17 31. Be3 Qd6) 31. Qc3 $11 Qf6 32. Be3 $2 {[#]} (32. Re1 $11) 32... Nd5 {Played: Nf4-h3} 0-1

[Event "IMSA Blitz Women 2019"]
[Site "Hengshui"]
[Date "2019.05.18"]
[Round "11.1"]
[White "Khotenashvili, Bela"]
[Black "Paehtz, Elisabeth"]
[Result "0-1"]
[WhiteElo "2476"]
[BlackElo "2470"]
[Annotator "TA"]
[PlyCount "78"]
[EventDate "2019.05.17"]
[EventType "blitz"]
[EventCountry "CHN"]
[SourceTitle "playchess.com"]
[Source "ChessBase"]
[SourceQuality "1"]

{[%evp 15,78,10,10,18,23,11,22,12,22,-31,0,-27,48,48,67,68,70,60,37,40,88,41,70,72,90,72,83,85,80,73,86,67,122,83,153,145,178,186,198,183,182,99,108,107,270,133,245,120,205,201,273,258,248,230,255,193,201,199,170,151,162,153,143,-1097,-1086]} 1. Nf3 Nf6 2. g3 g6 3. b3 Bg7 4. Bb2 O-O 5. Bg2 a5 6. a4 d5 7. d4 c6 8. O-O Na6 9. Nbd2 {D02: 1 d4 d5 2 Nf3 sidelines, including 2...Nf6 3 g3 and 2...Nf6 3 Bf4} Bf5 10. Nh4 Bg4 (10... Be6 11. e3 Rc8 12. Qe2 c5 13. c3 Ne8 14. Nhf3 Bf5 15. Ne5 cxd4 16. exd4 {1-0 (64) Landa,K (2611)-Thorfinnsson,B (2457) Reykjavik 2017}) 11. h3 {The position is equal.} Bd7 12. Re1 $146 (12. Nhf3 $11) ({Predecessor:} 12. Nhf3 Rc8 13. Ne5 c5 14. Nxd7 Qxd7 {0-1 (46) Stanojevic,B (2268)-Balog,I (2419) Senta 2008}) 12... Qc8 $15 13. Kh2 $1 g5 ({Black should play} 13... Rd8 $11) 14. Nhf3 $14 g4 15. hxg4 Nxg4+ 16. Kg1 f5 17. e3 e6 18. Ne5 Bxe5 19. dxe5 Qe8 20. f3 Nh6 21. Kf2 Qg6 22. Rh1 Nb4 23. Bd4 Rf7 (23... Nf7 $14) 24. Nf1 Na6 (24... f4 $142) 25. Bb6 $16 Nb4 26. c3 Na6 27. Bxa5 c5 28. b4 (28. Kg1 $18) 28... cxb4 29. cxb4 Rc8 $2 (29... b5 $16 {keeps fighting.}) 30. Ra2 (30. b5 $18 {is the precise move to win.}) 30... Rff8 (30... b6 $16) 31. Rd2 (31. b5 $18) 31... Rc4 (31... b5 $16) 32. Rd4 $18 {[#] aiming for Rxc4.} Rfc8 33. Rxc4 Rxc4 34. Nd2 Rc8 35. Qb3 Nf7 36. f4 Nh6 37. Bf3 Ng4+ 38. Bxg4 $1 fxg4 {[#]} 39. Rc1 $2 {[%mdl 8192]} (39. e4 $1 $16 {[%mdl 512]}) 39... Rxc1 {Accuracy: White = 42%, Black = 34%.} 0-1

[Event "IMSA Blitz Women 2019"]
[Site "Hengshui"]
[Date "2019.05.18"]
[Round "11.1"]
[White "Ushenina, Anna"]
[Black "Stefanova, Antoaneta"]
[Result "1-0"]
[WhiteElo "2442"]
[BlackElo "2470"]
[Annotator "TA"]
[PlyCount "95"]
[EventDate "2019.05.17"]
[EventType "blitz"]
[EventCountry "CHN"]
[SourceTitle "playchess.com"]
[Source "ChessBase"]
[SourceQuality "1"]

{[%evp 10,139,20,24,16,-6,28,25,34,27,38,22,50,41,48,46,74,70,92,77,106,60,52,45,43,18,32,23,32,13,27,17,42,20,20,13,21,18,18,0,-12,-7,21,26,54,53,54,52,47,62,110,32,229,237,250,251,258,230,230,132,217,208,227,174,173,129,119,133,125,132,241,266,251,237,376,250,373,365,6332,375,353,264,420,330,1453,1383,1168,510,870,719,650,605,5808,4590,6132,6173,6079,6083,6066,6026,5978,5816,5704,5591,5684,5295,4878,4778,4806,4174,4549,4445,4954,4158,5102,5073,29978,1672,3123,2106,29977,29979,29983,29982,29982,29983,29986,29984,29984,29985,29985,29985]} 1. d4 d5 2. c4 c6 3. Nf3 e6 4. Qc2 dxc4 5. Qxc4 Nf6 6. Bg5 Nbd7 {D30: Queen's Gambit Declined: Systems without Nc3} 7. e3 Qb6 $146 ({Predecessor:} 7... Qa5+ 8. Nbd2 Ne4 9. Bf4 Bb4 10. Rd1 Nxd2 11. Nxd2 O-O 12. a3 Be7 13. Be2 e5 14. dxe5 Nxe5 {1-0 (56) Grischuk,A (2777)-Shomoev,A (2587) Loo 2014}) 8. Qc2 c5 {White has an edge.} 9. Nc3 cxd4 10. Nxd4 Bc5 11. Rd1 O-O 12. Be2 h6 13. Bh4 $1 Be7 14. O-O Ne5 15. Ne4 Nd5 16. Bxe7 Nxe7 17. Qb3 (17. Rd2 {with more complications.} Bd7 18. Qc5 Nd5 19. Rfd1 Rfc8 20. Qd6) 17... Qxb3 18. Nxb3 Nd5 19. Rc1 Bd7 20. Nec5 Bc8 21. Rfd1 b6 22. Ne4 Rd8 23. f4 Ng6 24. Bf3 Bb7 25. Kf2 Nge7 26. g4 f5 27. Ng3 $36 {[%mdl 2048] White fights for an advantage.} g6 28. Nd4 Kf7 29. h4 {Strongly threatening h5.} Rac8 30. Rxc8 (30. h5 $1 $16) 30... Rxc8 $2 (30... Bxc8 $14 31. h5 fxg4 32. Bxg4 Nf6) 31. h5 $18 Rc7 32. hxg6+ Kxg6 33. gxf5+ exf5 34. Rd2 ({White should play} 34. Rg1 $18 {Threatens to win with Ngxf5+.} Kh7 35. Ngxf5 Nxf5 36. Nxf5) 34... a6 (34... Bc8 $16 35. Ndxf5 Bxf5) 35. a3 b5 36. Bg2 h5 37. Bh3 Bc8 {[#]} 38. Ndxf5 $1 {[%mdl 576] Deflection} Nxf5 (38... Bxf5 39. Nxf5) 39. Nxf5 Bxf5 (39... Nf6 $16 {was worth a try.} 40. Nh4+ Kf7) 40. Bxf5+ Kxf5 41. Rxd5+ $16 {[%mdl 4096] Endgame KR-KR} Ke4 (41... Kg6 $142 42. Rd6+ Kg7) 42. Rd4+ $18 Kf5 {intending ...Kg4.} 43. Kf3 {And now Rd6 would win.} Rc2 $2 (43... Ke6 44. e4 h4 45. f5+ Kf6) 44. Rd5+ $2 (44. Rd6 {[%csl Gf3][%cal Re3e4]} Rc4 45. e4+ $1 {[%mdl 512]} Rxe4 46. Rd5+ Re5 47. Rxe5+ Kg6 48. Rg5+ Kf7 49. Rxh5) 44... Kg6 45. b4 Rc3 {[#]} (45... Rc6 $142 46. Rg5+ Kh6) 46. Rd6+ $1 {[%mdl 64] Double Attack} Kf5 $2 (46... Kf7 47. Rxa6 h4) 47. Rxa6 h4 48. Rh6 {Played: Ra6-a5} 1-0

[Event "IMSA Blitz Women 2019"]
[Site "Hengshui"]
[Date "2019.05.18"]
[Round "11.1"]
[White "Krush, Irina"]
[Black "Koneru, Humpy"]
[Result "1-0"]
[WhiteElo "2422"]
[BlackElo "2553"]
[Annotator "RC"]
[PlyCount "121"]
[EventDate "2019.05.17"]
[EventType "blitz"]
[EventCountry "CHN"]
[SourceTitle "playchess.com"]
[Source "ChessBase"]
[SourceQuality "1"]
[TimeControl "180+2"]

1. d4 {[%emt 0:00:00]} d5 {[%emt 0:00:00]} 2. c4 {[%emt 0:00:00]} e6 {[%emt 0:00:01]} 3. Nc3 {[%emt 0:00:01]} Be7 {[%emt 0:00:01]} 4. cxd5 {[%emt 0:00:02]} exd5 {[%emt 0:00:01]} 5. Bf4 {[%emt 0:00:01]} Nf6 {[%emt 0:00:02]} 6. e3 {[%emt 0:00:03]} c6 {[%emt 0:00:03]} 7. Bd3 {[%emt 0:00:02]} O-O {[%emt 0:00:05]} 8. Qc2 {[%emt 0:00:02]} Re8 {[%emt 0:00:07]} 9. Nf3 {[%emt 0:00:04]} Bd6 {[%emt 0:00:16]} 10. Ne5 {[%emt 0:00:24]} Qe7 {[%emt 0:00:15]} 11. Bg3 {[%emt 0:00:05]} h6 {[%emt 0:00:17]} 12. f4 {[%emt 0:00:19]} Nfd7 {[%emt 0:01:08]} 13. O-O-O {[%emt 0:00:19]} Nf8 {[%emt 0:00:06]} 14. Bf2 {[%emt 0:00:20]} Nbd7 {[%emt 0:00:27]} 15. h3 {[%emt 0:00:19]} f6 {[%emt 0:00:11]} 16. Nf3 {[%emt 0:00:15]} Nb6 {[%emt 0:00:15]} 17. Kb1 {[%emt 0:00:10]} Nc4 {[%emt 0:00:03]} 18. Rde1 {[%emt 0:00:08]} b5 {[%emt 0:00:02]} 19. e4 {[%emt 0:00:30]} Bxf4 {[%emt 0:00:06]} 20. exd5 {[%emt 0:00:03]} Qf7 {[%emt 0:00:05]} 21. dxc6 {[%emt 0:00:04]} Nd6 {[%emt 0:00:03]} 22. Nxb5 {[%emt 0:00:07]} Be6 {[%emt 0:00:04]} 23. Nc3 {[%emt 0:00:05]} Rab8 {[%emt 0:00:04]} 24. g3 {[%emt 0:00:08]} Rec8 {[%emt 0:00:02]} 25. gxf4 {[%emt 0:00:04]} Rxc6 {[%emt 0:00:00]} 26. Ka1 {[%emt 0:00:07]} Rcb6 {[%emt 0:00:02]} 27. d5 {[%emt 0:00:04]} Bxd5 {[%emt 0:00:02]} 28. Nxd5 {[%emt 0:00:02]} Rxb2 {[%emt 0:00:01]} 29. Qc5 {[%emt 0:00:05]} Nb7 {[%emt 0:00:02]} 30. Qd4 {[%emt 0:00:02]} Na5 {[%emt 0:00:01]} 31. Rb1 {[%emt 0:00:01]} R2b7 {[%emt 0:00:04]} 32. Qe4 {[%emt 0:00:04]} f5 {[%emt 0:00:02]} 33. Qxf5 {[%emt 0:00:01]} Qe8 {[%emt 0:00:01]} 34. Rhg1 {[%emt 0:00:02]} Rxb1+ {[%emt 0:00:02]} 35. Bxb1 {[%emt 0:00:01]} Qa4 {[%emt 0:00:03]} 36. Nf6+ {[%emt 0:00:01]} Kh8 {[%emt 0:00:01]} 37. Bc2 {[%emt 0:00:05]} Qb4 {[%emt 0:00:02]} 38. Bd4 {[%emt 0:00:01]} Nc6 {[%emt 0:00:01]} 39. Be5 {[%emt 0:00:03]} Nxe5 {[%emt 0:00:02]} 40. Qxe5 {[%emt 0:00:01]} Rc8 {[%emt 0:00:03]} 41. Nd5 {[%emt 0:00:02]} Qb7 {[%emt 0:00:02]} 42. Nd4 {[%emt 0:00:02]} Rd8 {[%emt 0:00:02]} 43. Nf5 {[%emt 0:00:03]} Rxd5 44. Qxg7+ {[%emt 0:00:01]} Qxg7+ {[%emt 0:00:04]} 45. Nxg7 {[%emt 0:00:01]} Rd4 {[%emt 0:00:02]} 46. f5 {[%emt 0:00:01]} Rd2 {[%emt 0:00:01]} 47. Bb3 {[%emt 0:00:01]} Nd7 {[%emt 0:00:01]} 48. Ne6 {[%emt 0:00:02]} Nf6 {[%emt 0:00:00]} 49. Rc1 {[%emt 0:00:03]} Rf2 {[%emt 0:00:02]} 50. Nd4 {[%emt 0:00:02]} Rf4 {[%emt 0:00:01]} 51. Rd1 {[%emt 0:00:02]} Kh7 {[%emt 0:00:01]} 52. Be6 {[%emt 0:00:01]} a5 {[%emt 0:00:01]} 53. Nc6 {[%emt 0:00:02]} a4 {[%emt 0:00:01]} 54. Ne5 {[%emt 0:00:03]} h5 {[%emt 0:00:01]} 55. Kb2 {[%emt 0:00:01]} Rh4 {[%emt 0:00:02]} 56. Rd3 {[%emt 0:00:02]} Re4 {[%emt 0:00:01]} 57. Ng6 {[%emt 0:00:03]} Kh6 {[%emt 0:00:02]} 58. h4 {[%emt 0:00:01]} Ng4 {[%emt 0:00:02]} 59. Ka3 {[%emt 0:00:01]} Nf2 {[%emt 0:00:01]} 60. Rd7 {[%emt 0:00:03]} Nh3 {[%emt 0:00:04]} 61. Bg8 {[%emt 0:00:02]} 1-0